Anémie u seniorov - kamienok do mozaiky

Bibliographic Details
Main Authors: Dúbrava, Martin, 1960- (Author), Šimovičová, V. (Author), Jánošiová, Jarmila, 1963- (Author)
Format: Article
Language:Slovak

MARC

LEADER 00000nab a2200000 a 4500
001 vtls010735526
003 SK-MaSNL
005 20260304194518.0
008 250709s2010 xo |||||||||||||||||slo|
035 |a (urnnbn)urn:nbn:sk:snk:ar-a05g5y 
035 |a (uuid)c3e60426-c7b9-4355-961e-04fe1dfe7c70 
035 |a urn:nbn:sk:snk-ab3x4z 
040 |a SNKBUCL  |b slo  |c SNKBUCL  |e AACR2 
041 0 |a slo 
044 |a xo  |c SK 
100 1 |a Dúbrava, Martin,  |d 1960-  |4 aut  |9 11298 
245 1 0 |a Anémie u seniorov - kamienok do mozaiky  |c M. Dúbrava, V. Šimovičová, J. Jánošiová 
700 1 |a Šimovičová, V.  |4 aut  |9 1175454 
700 1 |a Jánošiová, Jarmila,  |d 1963-  |4 aut  |9 72898 
773 0 |t Geriatria : odborný časopis českých a slovenských geriatrov  |g Roč. 16, č. 4 (2010), s. 153-159 
850 |a Slovenská národná knižnica 
852 |a Slovenská národná knižnica 
954 |a odborná, vedecká literatúra pôvodná (slovenská)  |2 lita 
958 |a article1 
958 |a OND 
958 |a EUIPO 
999 |c 3074739  |d 3076669